| 000 | 00938nam a2200289 a 4500 | ||
|---|---|---|---|
| 001 | 43475 | ||
| 003 | BD-RJUL | ||
| 005 | 20211209053713.0 | ||
| 008 | 160622m19531951sz 000 0 eng | ||
| 035 | _aBD-RJUL 43593 | ||
| 035 | _a8367852 | ||
| 040 |
_aDLC _cCarP _dDLC _beng |
||
| 041 | _aeng | ||
| 082 |
_223 _a331.2164 _bPAY 1953 |
||
| 110 | 2 |
_aInternational Labour Office. _9133440 |
|
| 245 | 1 | 0 |
_aPayment by results / _cInternational Labour Office. |
| 260 |
_aGeneva : _bInternational Labour Office, _c1951 [immpression 1953] |
||
| 300 |
_aviii, 204 p. ; _c24 cm. |
||
| 490 | 1 |
_aStudies and reports. New series ; _vno. 27 |
|
| 650 | 0 |
_aWages _9133534 |
|
| 650 | 0 |
_aBonuses (Employee fringe benefits) _9133535 |
|
| 650 | 0 |
_aPiecework _9133536 |
|
| 650 | 0 |
_aIndustrial efficiency _9133537 |
|
| 830 | 0 |
_aStudies and reports (International Labour Office). _vno. 27 _9133538 |
|
| 942 |
_2ddc _cBK |
||
| 999 |
_c43475 _d43475 |
||